Schaum's outline of Linear Algebra (Record no. 299422)
[ view plain ]
| 000 -LEADER | |
|---|---|
| fixed length control field | 00276 a2200121 4500 |
| 001 - CONTROL NUMBER | |
| control field | 64349 |
| 082 ## - DEWEY DECIMAL CLASSIFICATION NUMBER | |
| Classification number | 512.5 LIP |
| 090 ## - LOCALLY ASSIGNED LC-TYPE CALL NUMBER (OCLC); LOCAL CALL NUMBER (RLIN) | |
| -- | 37984 |
| -- | 37984 |
| 100 ## - MAIN ENTRY--PERSONAL NAME | |
| Personal name | Lipschutz S |
| 245 ## - TITLE STATEMENT | |
| Title | Schaum's outline of Linear Algebra |
| 260 ## - PUBLICATION, DISTRIBUTION, ETC. | |
| Place of publication, distribution, etc. | NY |
| Name of publisher, distributor, etc. | McGraw-Hill |
| Date of publication, distribution, etc. | 1968 |
| 300 ## - PHYSICAL DESCRIPTION | |
| Extent | 334 p. |
| 942 ## - ADDED ENTRY ELEMENTS (KOHA) | |
| Institution code [OBSOLETE] | NUST-CAE |
| Call number prefix | 512.5 LIP |
| Withdrawn status | Lost status | Damaged status | Not for loan | Collection code | Permanent Location | Current Location | Date acquired | Total Checkouts | Full call number | Barcode | Date last seen | Price effective from | Koha item type |
|---|---|---|---|---|---|---|---|---|---|---|---|---|---|
| College of Aeronautical Engineering (CAE) | College of Aeronautical Engineering (CAE) | 04/03/2017 | 512.5 LIP | CAEG-5279 | 04/05/2017 | 04/05/2017 | Book |
